01532nam a2200361 a 4500001001200000003000800012006001900020007001500039008004100054020001800095020002700113040002100140035002100161043001200182050002200194082001800216100002200234245015000256260004500406300001500451490005000466504005100516533015200567610004000719610003200759650005400791650005300845651004900898655002900947710001700976830005100993856012601044ebr10695818CaPaEBRm u cr cn|||||||||130513s2013 enk sb 001 0 eng d z9781780761510 z9780857721822 (e-book) aCaPaEBRcCaPaEBR a(OCoLC)846979910 ae-uk---14aD521b.P45 2013eb04a940.449412231 aPhilpott, Maryam.10aAir and sea power in World War Ih[electronic resource] :bcombat and experience in the Royal Flying Corps and the Royal Navy /cMaryam Philpott. aLondon ;aNew York :bI.B.Tauris,c2013. aix, 258 p.1 aInternational library of war studies ;vv. 19 aIncludes bibliographical references and index. aElectronic reproduction.bPalo Alto, Calif. :cebrary,d2013.nAvailable via World Wide Web.nAccess may be limited to ebrary affiliated libraries.10aGreat Britain.bRoyal Flying Corps.10aGreat Britain.bRoyal Navy. 0aWorld War, 1914-1918xAerial operations, British. 0aWorld War, 1914-1918xNaval operations, British. 0aGreat BritainxHistory, Navaly20th century. 7aElectronic books.2local2 aebrary, Inc. 0aInternational library of war studies ;vv. 19.40uhttp://site.ebrary.com/lib/rucke/Doc?id=10695818zAn electronic book accessible through the World Wide Web; click to view